Proceso de Juana de Arco

Saved in:
Bibliographic Details
Main Author: Bresson, Robert (Author)
Format: Book
Language:Spanish
Published: Barcelona Aymá 1964
Series:Colección Voz Imagen. Serie Cine, 8
Subjects:
Tags: Add Tag
No Tags, Be the first to tag this record!

MARC

LEADER 00000nam a2200000 a 4500
001 UCV8435
003 CL-VaPUC
008 910621e19640000SP |||||||||||||||||spa|d
082 0 4 |a 791.437  |b BRE  |2 21 
100 0 |a Bresson, Robert  |e author  |9 266416 
245 1 0 |a Proceso de Juana de Arco 
300 |a 149 p 
942 |c BK 
945 |d 19910621 00:00:00 
260 |a Barcelona  |b Aymá  |c 1964 
500 |a 42 fotografías originales de la película 
650 0 |a Productores y directores de cine  |9 266427 
583 |a last modification  |c 20180314 14:49:00  |k Rodrigo Vera 
490 0 |a Colección Voz Imagen. Serie Cine, 8 
999 |c 213948  |d 213946 
952 |0 0  |1 0  |4 0  |6 791_437000000000000_BRE_1964  |7 0  |8 R  |9 196868  |a BIBART  |b BIBART  |d 2019-11-14  |i 1206524  |o 791.437 BRE 1964  |p 1206524  |r 2025-03-13  |w 2019-11-14  |y BK_R  |k ART